| 000 | 01179 a2200361 4500 | ||
|---|---|---|---|
| 001 | 200421486 | ||
| 650 | 0 | 0 |
_9104594 _aDigital divide |
| 650 | 0 |
_9104598 _aSayısal bölünme |
|
| 650 | 0 | 0 |
_9104593 _aInternet _xPolitical aspects |
| 650 | 0 | 0 |
_aİnternet _xSiyasi yönleri _zSiyasi açıdan _9104597 |
| 999 |
_c200421486 _d38317 |
||
| 003 | TR-AnTOB | ||
| 005 | 20240826163152.0 | ||
| 008 | 150303s tu 000 0 | ||
| 020 | _a9786059041256 | ||
| 040 | _aTR-AnTOB | ||
| 041 | 0 | _atur | |
| 050 | 0 | 0 |
_aHM851 _bG87 2015 |
| 090 | _aHM851.G87 2015 | ||
| 100 | 1 |
_aGürcan, Fatih _9104591 |
|
| 245 | 1 | 0 |
_aTürkiye'de ve Dünyad'da sayısal bölünme / _cFatih Gürcan. |
| 264 |
_aAnkara: _bKalkınma Bakanlığı, _c2015 |
||
| 300 |
_a121 sayfa : _btablo, grafik ; _c30 cm. |
||
| 336 |
_atext _2rdacontent |
||
| 337 |
_aunmediated _2rdamedia |
||
| 338 |
_avolume _2rdacarrier |
||
| 490 | 0 |
_aKalkınma Bakanlığı ; _v2920. |
|
| 650 | 0 |
_aSiyasal katılım _xBilgisayar ağı kaynakları _9104595 |
|
| 650 | 0 | 0 |
_aPolitical participation _xComputer network resources _9104592 |
| 650 | 0 | 0 |
_aİnternet _xSosyal yönleri _988962 |
| 650 | 0 | 0 |
_aInternet _xSocial aspects _923250 |
| 942 | _cBK | ||